000 00391nam a2200145Ia 4500
008 100122s9999 xx 000 0 und d
082 _b49610
_a823
100 _aरायकर प्रतिभा
245 _aदेवता
260 _bप्रिया प्रकाशन
_c1988
300 _a176
630 _aदेवता
730 _aदेवता
942 _cBOOK
999 _c427463
_d427460